000 00481nam a2200157Ia 4500
003 OSt
005 20200617103101.0
008 190216s9999||||xx |||||||||||||| ||und||
040 _coclc
082 _a954
_bCOR/I
100 _aCorreia-Afonso, John
_93003
245 0 _aIndo-Portuguese History Sources And Problems /
_cJohn Correia-Afonso
260 _bOxford University Press,
_c1981.
_aDelhi:
300 _a201p
942 _cBK
_2ddc
_h954
_iCOR/I
_k954
_mCOR/I
999 _c19927
_d19927